Cartographies des sols : de l'analyse spatiale a la gestion des territoires
Αποθηκεύτηκε σε:
| Κύριος συγγραφέας: | |
|---|---|
| Μορφή: | Βιβλίο |
| Γλώσσα: | French |
| Δημοσίευση: |
Paris :
Presses Polytechniques et Universitaires Romandes,
1996
|
| Σειρά: | Collection Gerer l'environnement ;
; 10 |
| Θέματα: | |
| Ετικέτες: |
Προσθήκη ετικέτας
Δεν υπάρχουν, Καταχωρήστε ετικέτα πρώτοι!
|
MARC
| LEADER | 00000nam a2200000 i 4500 | ||
|---|---|---|---|
| 001 | 1/12182 | ||
| 008 | 980213s1996 fre d | ||
| 020 | |a 2-88074-298-6 | ||
| 035 | |1 ΠΑΡ |a 1997 |l 10018532 | ||
| 040 | |a GR-MY-UA |b gre |e aacr | ||
| 041 | 0 | |a fre | |
| 082 | 0 | |a 526 | |
| 100 | 1 | |a Legros, Jean-Paul. | |
| 245 | 1 | 0 | |a Cartographies des sols : |b de l'analyse spatiale a la gestion des territoires / |c Jean-Paul Legros |
| 260 | |a Paris : |b Presses Polytechniques et Universitaires Romandes, |c 1996 | ||
| 300 | |a 321 p. |b fig., tables | ||
| 490 | 1 | |a Collection Gerer l'environnement |v ; 10 | |
| 504 | |a Includes bibliographical references | ||
| 650 | 0 | 0 | |a Cartography. |
| 650 | 0 | 0 | |a Soils |x Analysis. |
| 830 | 0 | |a Collection Gerer l'environnement ; |v ; 10 | |
| 852 | |a INST |b LESVOS |e 19980213 |h 526 LEG |p 005100015187 |q 005100015187 |t BK |y 0 | ||
| 909 | |a Λ |b 052228 | ||
| 922 | |a 1ΕΛΗ |b 199712 |c ΚΠΣ/ΣΚΟΥΡΤΟΣ |d ΠΑΠΑΣΩΤΗΡΙΟΥ | ||
| 950 | |a 155-1996-07-16 | ||
| 970 | |z 2000/06/ΟΙΚΟΝΟΜΟΠΟΥΛΟΥ ΧΡΙΣΤΙΝΑ | ||